Management Information Systems : Managerial Perspectives (Record no. 46808)

MARC details
000 -LEADER
fixed length control field 00429nam a2200169Ia 4500
008 - FIXED-LENGTH DATA ELEMENTS--GENERAL INFORMATION
fixed length control field 230524s9999 xx 000 0 und d
020 ## - INTERNATIONAL STANDARD BOOK NUMBER
ISBN 1403930996
082 ## - DEWEY DECIMAL CLASSIFICATION NUMBER
Classification number 650.014
Item number GOY
100 ## - MAIN ENTRY--AUTHOR NAME
Personal name D P Goyal
245 #0 - TITLE STATEMENT
Title Management Information Systems : Managerial Perspectives
250 ## - EDITION STATEMENT
Edition statement 2ND
260 ## - PUBLICATION, DISTRIBUTION, ETC. (IMPRINT)
Place of publication NEW DELHI
Name of publisher Macmillan
Year of publication 2007
300 ## - PHYSICAL DESCRIPTION
Number of Pages XVI;363
500 ## - GENERAL NOTE
General note Quantity Number: 2
650 ## - SUBJECT ADDED ENTRY--TOPICAL TERM
Topical Term Comp-Sc
942 ## - ADDED ENTRY ELEMENTS (KOHA)
Koha item type Books
Holdings
Lost status Damaged status Permanent Location Current Location Shelving location Date acquired Full call number Accession Number Koha item type
    Central Library, Trident Academy of Technology Central Library, Trident Academy of Technology General Stacks 05/24/2023 650.014 GOY 37869 Books
    Central Library, Trident Academy of Technology Central Library, Trident Academy of Technology General Stacks 05/24/2023 650.014 GOY 37870 Books
Trident Academy of Technology © 2023.
All rights reserved.                                                                                                                                                                                                        Designed by Team of Central Library .

Powered by Koha